[Event "POLFINALY MISTRZOSTW POLSKI JUNIOROW 2021 C-13"]
[Site "Jatrzebia Gora"]
[Date "1899-12-30"]
[Round "3.11"]
[White "Jaszczuk, Piotr"]
[Black "Osinski, Maksymilian"]
[Result "1/2-1/2"]
[WhiteTitle "II"]
[BlackTitle "II"]
[WhiteElo "1344"]
[BlackElo "1238"]

1. e4 c5 2. Nf3 d6 3. d4 cxd4 4. Nxd4 Nf6 5. Nc3 g6 6. Be3 Bg7 7. f3 O-O 8. Qd2
Nc6 9. O-O-O d5 10. exd5 Nxd5 11. Nxc6 bxc6 12. Bd4 e5 13. Bc5 Re8 14. Ne4 Qc7
15. Kb1 f5 16. Ng5 h6 17. Nh3 Rd8 18. Bc4 Be6 19. Qe1 Rab8 20. Bb3 a5 21. a4 Re8
22. Ba3 Nb4 23. Bxe6+ Rxe6 24. Qc3 Kh8 25. Qc4 Qc8 26. Rhe1 Nd5 27. Ka1 Qb7 28.
Nf2 Qb6 29. Qc5 Qxc5 30. Bxc5 e4 31. Ba3 Nc3 32. Rd6 Rxd6 33. Bxd6 Rb7 34. fxe4
fxe4 35. Nxe4 Nxe4 36. Rxe4 Rxb2 1/2-1/2

[Event "POLFINALY MISTRZOSTW POLSKI JUNIOROW 2021 C-13"]
[Site "Jatrzebia Gora"]
[Date "1899-12-30"]
[Round "3.12"]
[White "Owczarz, Michal"]
[Black "Zmuda, Tomasz"]
[Result "0-1"]
[WhiteTitle "II"]
[BlackTitle "II"]
[WhiteElo "1180"]
[BlackElo "1343"]

1. e4 c5 2. Nf3 Nc6 3. d4 cxd4 4. Nxd4 Qb6 5. Nb3 Nf6 6. Nc3 e6 7. Be3 Qc7 8. a3
a6 9. f4 d6 10. Bd3 Be7 11. Qd2 b5 12. O-O-O b4 13. axb4 Nxb4 14. Qe2 Nxd3+ 15.
Qxd3 Bb7 16. Rhg1 a5 17. Nb5 Qd7 18. e5 Nd5 19. exd6 Bxd6 20. Nxd6+ Qxd6 21. c4
Rc8 22. Kb1 Ba6 23. Nxa5 Qc7 24. b4 O-O 25. Qb3 Nxb4 26. Qa4 Rb8 27. Ka1 Qxa5
28. Kb2 Qxa4 29. Kc3 Qc2+ 30. Kd4 Rfd8+ 31. Ke5 Qf5# 0-1

[Event "POLFINALY MISTRZOSTW POLSKI JUNIOROW 2021 C-13"]
[Site "Jatrzebia Gora"]
[Date "1899-12-30"]
[Round "3.13"]
[White "Nowak, Maciej"]
[Black "Kempinski, Szymon"]
[Result "1-0"]
[WhiteTitle "II"]
[BlackTitle "II"]
[WhiteElo "1338"]
[BlackElo "1103"]

1. d4 d5 2. c4 e6 3. Nc3 Nf6 4. Bg5 Nbd7 5. Nf3 c6 6. e3 Qa5 7. cxd5 exd5 8. Bd3
Bb4 9. Qc2 O-O 10. O-O Qc7 11. Rac1 Bxc3 12. Qxc3 h6 13. Bh4 Re8 14. a4 Ne4 15.
Bxe4 dxe4 16. Nd2 g5 17. Bg3 Qd8 18. Qc2 f5 19. h3 Qf6 20. Bh2 Nf8 21. Nc4 Ng6
22. Ne5 Be6 23. Qc5 Nxe5 24. Bxe5 Qg6 25. Qb4 Bc8 26. Rc3 f4 27. exf4 gxf4 28.
Bxf4 e3 29. Qb3+ Be6 30. Qc2 Bf5 31. Qe2 Bxh3 32. fxe3 Kh7 33. Rf2 Rg8 34. Rc5
Raf8 35. a5 Rf7 36. Rc2 Qe4 37. Qh5 Be6 38. Qxh6# 1-0

[Event "POLFINALY MISTRZOSTW POLSKI JUNIOROW 2021 C-13"]
[Site "Jatrzebia Gora"]
[Date "1899-12-30"]
[Round "3.14"]
[White "Kolendo, Tymon"]
[Black "Nagly, Krzysztof"]
[Result "0-1"]
[WhiteTitle "III"]
[BlackTitle "II"]
[WhiteElo "1086"]
[BlackElo "1328"]

1. e4 e5 2. Nf3 Nc6 3. Bc4 Nf6 4. d3 Bc5 5. c3 d6 6. Nbd2 Bd7 7. Bb3 O-O 8. O-O
a5 9. Re1 a4 10. Bxa4 Rxa4 11. Qxa4 Nb4 12. Qd1 Nxd3 13. Kf1 Nxe1 14. Nxe1 Ng4
15. f3 Ne3+ 0-1

[Event "POLFINALY MISTRZOSTW POLSKI JUNIOROW 2021 C-13"]
[Site "Jatrzebia Gora"]
[Date "1899-12-30"]
[Round "3.16"]
[White "Nagly, Wojciech"]
[Black "Renn, Grzegorz"]
[Result "1-0"]
[WhiteTitle "II"]
[BlackTitle "II"]
[WhiteElo "1432"]
[BlackElo "1125"]

1. e4 c5 2. Nf3 e6 3. c3 d5 4. exd5 exd5 5. d4 Nc6 6. Be2 Bd6 7. Be3 c4 8. O-O
Nf6 9. h3 O-O 10. Nbd2 Bf5 11. Re1 Re8 12. Nf1 Ne4 13. N1d2 Qf6 14. Nxe4 Bxe4
15. Qd2 Qg6 16. Nh4 Qe6 17. Bg4 Qe7 18. Nf5 Qc7 19. Nxd6 Qxd6 20. Bf4 Qd8 21.
Re3 f5 22. Bh5 Re6 23. Rae1 Qh4 24. g4 g5 25. Rxe4 fxe4 26. Bxg5 Qxh3 27. Re3
Qf3 28. Rxf3 exf3 29. Bh6 Kh8 30. g5 Rd8 31. Qf4 Re1+ 32. Kh2 Re6 33. Qf7 Rxh6
34. gxh6 Rg8 35. Qf6+ Rg7 36. Qxg7# 1-0

[Event "POLFINALY MISTRZOSTW POLSKI JUNIOROW 2021 C-13"]
[Site "Jatrzebia Gora"]
[Date "1899-12-30"]
[Round "3.17"]
[White "Krasniewski, Grzegorz"]
[Black "Spytek, Hubert"]
[Result "1/2-1/2"]
[WhiteTitle "III"]
[BlackTitle "II"]
[WhiteElo "1075"]
[BlackElo "1220"]

1. e4 d5 2. exd5 Qxd5 3. Nc3 Qd6 4. Nf3 Nf6 5. d4 a6 6. Bc4 Bg4 7. Be2 g6 8. Be3
Bg7 9. h3 Bxf3 10. Bxf3 Nc6 11. Qd2 e6 12. Bxc6+ Qxc6 13. O-O O-O 14. Bh6 Rfd8
15. Bxg7 Kxg7 16. a3 Rd6 17. Rfd1 Rad8 18. Qe3 Qd7 19. Ne2 c5 20. c3 Qb5 21. Qd3
Qxd3 22. Rxd3 e5 23. Rad1 exd4 24. cxd4 Ne8 25. g4 Nc7 26. Kg2 Ne6 27. d5 Nc7
28. Nc3 b6 29. Kg3 h6 30. f4 a5 31. a4 f5 32. b3 Kf7 33. gxf5 gxf5 34. Kh4 Rg8
35. Rg3 Rxg3 36. Kxg3 Kf6 37. h4 1/2-1/2

[Event "POLFINALY MISTRZOSTW POLSKI JUNIOROW 2021 C-13"]
[Site "Jatrzebia Gora"]
[Date "1899-12-30"]
[Round "3.18"]
[White "Krzastek, Adrian"]
[Black "Mejer, Blazej"]
[Result "1-0"]
[WhiteTitle "II"]
[BlackTitle "III"]
[WhiteElo "1220"]
[BlackElo "1024"]

1. e4 e6 2. d4 d5 3. exd5 exd5 4. Nf3 Nc6 5. Bb5 Bg4 6. O-O Be7 7. Qd3 Bxf3 8.
Qxf3 Bf6 9. c3 Nge7 10. Bf4 O-O 11. Bd3 Ng6 12. Be3 Nce7 13. Nd2 Qd7 14. Qh5 h6
15. Nb3 b6 16. Nc1 Nh4 17. Ne2 Nhf5 18. Qg4 Rad8 19. Qf3 Nxe3 20. Qxe3 Rfe8 21.
Qf3 c5 22. Rfe1 c4 23. Bc2 Qd6 24. Qg3 Qxg3 25. Nxg3 Ng6 26. Ba4 Re6 27. Rxe6
fxe6 28. f3 Kf7 29. Kf2 Nf4 30. Bc2 g6 31. Re1 Re8 32. Ne2 Nd3+ 33. Bxd3 cxd3
34. Nf4 e5 35. dxe5 Bxe5 36. Nxd3 Kf6 37. Nxe5 Rxe5 38. Rxe5 Kxe5 39. Ke3 g5 40.
g3 h5 41. f4+ gxf4+ 42. gxf4+ Kf5 43. Kf3 b5 44. Kg3 a5 45. Kh4 b4 46. Kxh5 a4
47. a3 bxa3 48. bxa3 Kxf4 49. h4 Kf5 50. Kh6 Kg4 51. h5 Kf4 52. Kg6 Ke3 53. h6
Kd3 54. h7 Kxc3 55. h8=Q+ d4 56. Kf5 Kd3 57. Qh3+ Kc2 58. Ke4 d3 59. Qxd3+ Kb2
60. Kd4 Kc1 61. Qe2 Kb1 62. Qd2 Ka1 63. Kc3 Kb1 64. Qb2# 1-0

[Event "POLFINALY MISTRZOSTW POLSKI JUNIOROW 2021 C-13"]
[Site "Jatrzebia Gora"]
[Date "1899-12-30"]
[Round "3.19"]
[White "Pachura, Mateusz"]
[Black "Leoniuk, Jan"]
[Result "1-0"]
[WhiteTitle "III"]
[BlackTitle "II"]
[WhiteElo "1107"]
[BlackElo "1212"]

1. e4 e5 2. Nf3 Nc6 3. Bc4 d6 4. d4 Be7 5. c3 Bg4 6. Be3 Nf6 7. Nbd2 Nxe4 8. Bxf7+
Kxf7 9. Nxe4 Rf8 10. Nfg5+ Bxg5 11. Qxg4 Bf6 12. d5 Ne7 13. Qh5+ Kg8 14. c4 Qe8
15. Qxe8 Raxe8 16. h4 Nf5 17. g4 Nxe3 18. fxe3 g6 19. g5 Bg7 20. Ke2 Rf5 21. b4
Rd8 22. Rad1 b6 23. h5 gxh5 24. Rxh5 h6 25. Rg1 hxg5 26. Rhxg5 Rxg5 27. Nxg5 Rd7
28. e4 Bh6 29. Ne6+ Kf7 30. a4 Re7 31. Nd8+ Kf6 32. Nc6 Rh7 33. Nxa7 Bf4 34. a5
Rh2+ 35. Kd3 Rd2+ 36. Kc3 bxa5 37. bxa5 Ra2 38. Nc6 Re2 39. Ra1 Rh2 40. a6 Rh8
41. a7 Ra8 42. Rb1 Be3 43. Rb7 Bb6 44. Rb8 Rxa7 45. Nxa7 Bxa7 46. Rf8+ Ke7 47.
Rh8 Kf6 48. Rh5 Ke7 49. Kb4 Bb6 50. Kb5 Kf6 51. Rf5+ Kg6 52. Kc6 Kg7 53. Kd7 Kg6
54. Ke7 Ba5 55. Ke6 Bb6 56. Rf8 Kg5 57. Rb8 Kf4 58. Rxb6 cxb6 59. Kxd6 Kxe4 60.
Kc6 Kf3 61. d6 e4 62. d7 e3 63. d8=Q e2 64. Qd3+ Kf2 65. Qxe2+ Kxe2 66. Kxb6 Kd3
67. c5 Kd4 68. c6 Kd5 69. c7 Kd6 70. c8=Q Ke7 71. Qf5 Ke8 72. Qh7 Kf8 73. Kc6
Ke8 74. Kd6 Kf8 75. Ke6 Ke8 76. Qe7# 1-0

[Event "POLFINALY MISTRZOSTW POLSKI JUNIOROW 2021 C-13"]
[Site "Jatrzebia Gora"]
[Date "1899-12-30"]
[Round "3.20"]
[White "Kozik, Maksymilian"]
[Black "Saletra, Wiktor"]
[Result "1/2-1/2"]
[WhiteTitle "II"]
[BlackTitle "II"]
[WhiteElo "1201"]
[BlackElo "1082"]

1. e4 e6 2. d4 d5 3. Nc3 Bb4 4. exd5 exd5 5. Bd3 Nf6 6. Nge2 O-O 7. O-O Re8 8.
a3 Bd6 9. Bg5 c6 10. Re1 Bxh2+ 11. Kxh2 Ng4+ 12. Kg1 Qxg5 13. Ng3 Rxe1+ 14. Qxe1
Qd8 15. Qe2 g6 16. Re1 Kf8 17. f3 Nf6 18. Qe3 Ng8 19. Qf4 b6 20. Kf2 Ba6 21. Bxa6
Nxa6 22. Rh1 Qf6 23. Qxf6 Nxf6 24. Nge2 Re8 25. Nf4 h5 26. Kg3 Nc7 27. Nce2 Ne6
28. Nxe6+ Rxe6 29. Nf4 Re7 30. Kf2 c5 31. dxc5 bxc5 32. Rd1 Rd7 33. Nd3 1/2-1/2

[Event "POLFINALY MISTRZOSTW POLSKI JUNIOROW 2021 C-13"]
[Site "Jatrzebia Gora"]
[Date "1899-12-30"]
[Round "3.21"]
[White "Weber, Dorian"]
[Black "Filipczyk, Michal"]
[Result "1-0"]
[WhiteTitle "III"]
[BlackTitle "II"]
[WhiteElo "1002"]
[BlackElo "1136"]

1. d4 d5 2. Bg5 h6 3. Bh4 Bf5 4. Nf3 Nd7 5. Nbd2 Ngf6 6. Bxf6 Nxf6 7. e3 e6 8.
c4 c6 9. h3 Be7 10. Qb3 Qc7 11. Be2 O-O 12. O-O c5 13. cxd5 cxd4 14. Nxd4 Nxd5
15. Nxf5 exf5 16. Qxd5 Rfd8 17. Qc4 Rac8 18. Qxc7 Rxc7 19. Nb3 Rc2 20. Nd4 Rxb2
21. Bf3 g6 22. Rab1 Rxa2 23. Rxb7 Bf6 24. Nc6 Ra8 25. Rb8+ Rxb8 26. Nxb8 a5 27.
Nc6 a4 28. Rb1 a3 29. Rb8+ Kg7 30. Ra8 g5 31. g3 Kh7 32. Kg2 Kg7 33. Ra7 Ra1 34.
Nb4 Bb2 35. Bd5 Rb1 36. Nd3 Rd1 37. Nb4 Rc1 38. Bxf7 Kf6 39. Ba2 Rd1 40. Nc2 Rd3
41. h4 Rc3 42. hxg5+ hxg5 43. Nb4 g4 44. Nd5+ 1-0

[Event "POLFINALY MISTRZOSTW POLSKI JUNIOROW 2021 C-13"]
[Site "Jatrzebia Gora"]
[Date "1899-12-30"]
[Round "4.1"]
[White "Warchol, Kamil"]
[Black "Jasiulewicz, Dawid"]
[Result "1-0"]
[WhiteTitle "CM"]
[BlackTitle "I"]
[WhiteElo "1976"]
[BlackElo "1654"]

1. e4 c5 2. Nf3 d6 3. d4 cxd4 4. Nxd4 Nf6 5. Nc3 a6 6. f4 e5 7. Nf3 Qc7 8. Bd3
Be7 9. O-O h6 10. Kh1 Be6 11. Qe2 b5 12. a4 b4 13. Na2 a5 14. Be3 O-O 15. c3 b3
16. Nc1 Rc8 17. f5 Bc4 18. Nd2 Bxd3 19. Qxd3 Nbd7 20. Ncxb3 Qb7 21. Bg1 Qc6 22.
Rfd1 Nb6 23. Qb5 Nc4 24. Nxc4 Qxc4 25. Nd2 Qxb5 26. axb5 Nd7 27. c4 Nc5 28. Bxc5
dxc5 29. Nf3 Rd8 30. Nxe5 Bf6 31. Nc6 Re8 32. Rxa5 Rxa5 33. Nxa5 Rxe4 34. b6 Re2
35. b3 Ra2 36. Nc6 1-0

[Event "POLFINALY MISTRZOSTW POLSKI JUNIOROW 2021 C-13"]
[Site "Jatrzebia Gora"]
[Date "1899-12-30"]
[Round "4.2"]
[White "Dobosiewicz, Dawid"]
[Black "Sawicki, Dorian"]
[Result "1/2-1/2"]
[WhiteTitle "I"]
[BlackTitle "I"]
[WhiteElo "1678"]
[BlackElo "1550"]

1. e4 c5 2. Nc3 a6 3. g3 b5 4. Bg2 Bb7 5. d3 e6 6. Nh3 Nf6 7. O-O Be7 8. e5 Bxg2
9. Kxg2 Ng8 10. Qg4 Bf8 11. Ng5 Nc6 12. f4 f5 13. Qd1 Nge7 14. Be3 b4 15. Nb1
Nd5 16. Bf2 g6 17. c4 Nb6 18. b3 Be7 19. Nf3 Qc7 20. Qe2 O-O 21. h4 h5 22. Kh2
a5 23. d4 cxd4 24. Nxd4 Nxd4 25. Bxd4 Bc5 26. Qe3 Bxd4 27. Qxd4 a4 28. Nd2 axb3
29. axb3 Rfb8 30. Rxa8 Rxa8 31. Ra1 1/2-1/2

[Event "POLFINALY MISTRZOSTW POLSKI JUNIOROW 2021 C-13"]
[Site "Jatrzebia Gora"]
[Date "1899-12-30"]
[Round "4.3"]
[White "Nocek, Dominik"]
[Black "Blaszkiewicz, Jakub"]
[Result "1-0"]
[WhiteTitle "II"]
[BlackTitle "II"]
[WhiteElo "1428"]
[BlackElo "1462"]

1. e4 e5 2. Nf3 Nc6 3. Bb5 a6 4. Ba4 Nf6 5. O-O d6 6. Re1 Be7 7. c3 b5 8. Bc2 O-O
9. h3 Nb8 10. d4 Nbd7 11. Nbd2 c5 12. d5 c4 13. b3 cxb3 14. axb3 Qc7 15. Bb2 Nc5
16. Qe2 Bd7 17. b4 Nb7 18. c4 a5 19. c5 dxc5 20. Bxe5 Qb6 21. bxa5 Nxa5 22. Bxf6
Bxf6 23. e5 Be7 24. d6 Bd8 25. Qe4 g6 26. Qxa8 Bc6 27. Qxa5 Qxa5 28. Rxa5 Bxa5
29. Be4 Bxe4 30. Rxe4 c4 31. Re2 Ra8 32. Nd4 Bxd2 33. Rxd2 b4 34. Rb2 b3 35. Kf1
Kf8 36. Ke2 Ra4 37. Kd2 Ra1 38. Ne2 Ra2 39. Kc3 Ra4 40. Ng3 Ke8 41. Ne4 Ra5 42.
f4 Kd7 43. Kxc4 Ra4+ 44. Kd3 1-0

[Event "POLFINALY MISTRZOSTW POLSKI JUNIOROW 2021 C-13"]
[Site "Jatrzebia Gora"]
[Date "1899-12-30"]
[Round "4.4"]
[White "Zmuda, Tomasz"]
[Black "Bartnik, Michal"]
[Result "0-1"]
[WhiteTitle "II"]
[BlackTitle "II+"]
[WhiteElo "1343"]
[BlackElo "1595"]

1. e4 c5 2. Nf3 g6 3. d4 cxd4 4. Qxd4 Nf6 5. e5 Nc6 6. Qe3 Ng4 7. Qe4 Ngxe5 8.
Nc3 Nxf3+ 9. Qxf3 Bg7 10. Bd2 O-O 11. O-O-O d6 12. g4 Ne5 13. Qg3 Bxg4 14. Re1
Bf3 15. Rg1 Bc6 16. Be2 d5 17. f4 Nc4 18. Bxc4 dxc4 19. f5 Qd7 20. fxg6 fxg6 21.
h4 Rf3 22. Qh2 Raf8 23. Qe2 b5 24. Qxe7 Qxe7 25. Rxe7 Rf1+ 26. Rxf1 Rxf1+ 27.
Re1 Rxe1+ 28. Bxe1 a5 29. Ne2 b4 30. c3 b3 31. a3 Kf7 32. Nd4 Bd5 33. Bd2 Bf6
34. Bg5 Bxg5+ 35. hxg5 Ke7 36. Kd2 Kd6 37. Ke2 Ke5 38. Ke3 a4 39. Nb5 Kf5 40.
Kd4 Be6 41. Nc7 Bf7 42. Na8 Kxg5 43. Nb6 h5 44. Nxa4 Kg4 45. Nc5 h4 46. a4 h3
47. Ne4 h2 48. Ke3 Bd5 49. Nf2+ Kg3 50. Kd4 0-1

[Event "POLFINALY MISTRZOSTW POLSKI JUNIOROW 2021 C-13"]
[Site "Jatrzebia Gora"]
[Date "1899-12-30"]
[Round "4.5"]
[White "Nagly, Krzysztof"]
[Black "Kowalski, Witold"]
[Result "0-1"]
[WhiteTitle "II"]
[BlackTitle "II+"]
[WhiteElo "1328"]
[BlackElo "1480"]

1. e4 c5 2. Nf3 d6 3. c3 Nf6 4. h3 Nc6 5. Bd3 g6 6. Bc2 Bg7 7. O-O O-O 8. d4 cxd4
9. cxd4 e6 10. a3 Qc7 11. Nc3 a6 12. Re1 Rd8 13. d5 Ne5 14. Bb3 Nc4 15. Bxc4 Qxc4
16. Bg5 Qc7 17. Rc1 Qb8 18. e5 dxe5 19. Nxe5 Rxd5 20. Nxd5 Nxd5 21. Nd3 a5 22.
Nf4 Bd7 23. Nxd5 exd5 24. Qxd5 Bc6 25. Qd2 Qc8 26. Bh6 Qf5 27. Bxg7 Kxg7 28. Qe3
Kg8 29. Rc5 Qd7 30. Qc3 a4 31. Rce5 Qd6 32. Qc4 Qf6 33. Qb4 Qd8 34. Qc4 Qd6 35.
Re7 Rf8 36. h4 h5 37. R7e3 Rd8 38. Rg3 Qf6 39. Qb4 Rf8 40. Rg5 Ra8 41. Qc3 Qd6
42. Re3 Kh7 43. Reg3 Rg8 44. Qc2 Kh6 45. Qe2 Rg7 46. Rd3 Qf6 47. Qd2 Kh7 48. Rd6
Qe7 49. Qd3 Be4 50. Qd1 Bc6 51. Rd8 Kh6 52. Rd4 Kh7 53. g4 f6 54. Ra5 Qe8 55.
gxh5 gxh5+ 56. Kh2 Rg2+ 57. Kh3 Qe6+ 58. Rg4 Qxg4+ 59. Qxg4 hxg4# 0-1

[Event "POLFINALY MISTRZOSTW POLSKI JUNIOROW 2021 C-13"]
[Site "Jatrzebia Gora"]
[Date "1899-12-30"]
[Round "4.6"]
[White "Gawlik, Olivier"]
[Black "Wilangowski, Olivier"]
[Result "1/2-1/2"]
[WhiteTitle "II"]
[BlackTitle "II"]
[WhiteElo "1183"]
[BlackElo "1454"]

1. e4 e5 2. Nf3 Nc6 3. d4 exd4 4. Bc4 Nf6 5. O-O Nxe4 6. Re1 d5 7. Bxd5 Qxd5 8.
Nc3 Qa5 9. Nxe4 Be6 10. Neg5 O-O-O 11. Nxe6 fxe6 12. Rxe6 Qd5 13. Re2 h6 14. Bf4
Be7 15. Ne5 Bf6 16. Nxc6 Qxc6 17. Qd3 Rd5 18. Rae1 Qb5 19. Qxb5 Rxb5 20. b3 Ra5
21. a4 Rc5 22. Rd1 Rd8 23. Rd3 h5 24. f3 h4 25. Kf2 Rf5 26. Bc1 c5 27. Re6 c4
28. Rd1 cxb3 29. cxb3 Rc5 30. Re2 d3 31. Re4 Rc2+ 32. Bd2 Rb2 33. b4 b6 34. Ke1
Kb7 35. Rc1 Rc2 36. Rxc2 dxc2 37. Rc4 Re8+ 38. Kf1 Rc8 39. Rxc8 Kxc8 40. Bc1 Bc3
41. b5 Kd7 42. Ke2 Kd6 43. Kd3 Be5 44. f4 Bf6 45. Ba3+ Kd5 46. Kxc2 Kc4 47. Bd6
Bd8 48. g4 hxg3 49. hxg3 g6 50. g4 Bf6 51. g5 Bd8 52. Be5 Be7 53. Bb8 Kb4 54.
Bxa7 Kxa4 55. Bxb6 Kxb5 56. Bd4 Kc4 57. Be5 Kd5 58. Bb8 Ke4 59. Bc7 Kf5 1/2-1/2

[Event "POLFINALY MISTRZOSTW POLSKI JUNIOROW 2021 C-13"]
[Site "Jatrzebia Gora"]
[Date "1899-12-30"]
[Round "4.7"]
[White "Przedlacki, Wiktor"]
[Black "Nowak, Maciej"]
[Result "1/2-1/2"]
[WhiteTitle "III"]
[BlackTitle "II"]
[WhiteElo "1176"]
[BlackElo "1338"]

1. e4 e6 2. d4 d5 3. Nc3 dxe4 4. Nxe4 Nd7 5. Nf3 Ngf6 6. Nxf6+ Nxf6 7. Bd3 Bd7
8. O-O Bd6 9. Re1 Bc6 10. Bg5 h6 11. Bh4 Be7 12. c3 Qd5 13. Bxf6 Bxf6 14. Be4
Qb5 15. Qb3 Qxb3 16. axb3 Bxe4 17. Rxe4 O-O 18. Kf1 Rfd8 19. Ke2 a6 20. Ne5 Bxe5
21. Rxe5 Rd7 22. Rea5 Rad8 23. b4 Rd5 24. Ke3 Kf8 25. Rd1 Ke7 26. c4 Rxa5 27.
bxa5 c5 28. b4 cxb4 29. Rb1 Rc8 30. Rxb4 Rc7 31. Rb6 Kd7 1/2-1/2

[Event "POLFINALY MISTRZOSTW POLSKI JUNIOROW 2021 C-13"]
[Site "Jatrzebia Gora"]
[Date "1899-12-30"]
[Round "4.8"]
[White "Jaszczuk, Piotr"]
[Black "Nagly, Wojciech"]
[Result "0-1"]
[WhiteTitle "II"]
[BlackTitle "II"]
[WhiteElo "1344"]
[BlackElo "1432"]

1. e4 d6 2. d4 Nf6 3. Nc3 Nbd7 4. Be3 e5 5. f3 Be7 6. Qd2 O-O 7. O-O-O c6 8. Kb1
b5 9. g4 Ne8 10. a3 a5 11. d5 b4 12. Na4 c5 13. Ka2 Nb6 14. Nxb6 Qxb6 15. a4 Ba6
16. Bxa6 Qxa6 17. b3 c4 18. Ne2 Nf6 19. Ng3 Rfc8 20. Rc1 Nd7 21. Rhd1 Nc5 22.
Nf5 Bf8 23. h4 Qb7 24. Bxc5 Rxc5 25. Ne3 Qd7 26. Qe2 cxb3+ 27. cxb3 Rxc1 28. Rxc1
Rc8 29. Rxc8 Qxc8 30. Nc4 Qd8 31. Qf2 Be7 32. h5 Qc7 33. Qb6 Qxb6 34. Nxb6 Bd8
35. Nc4 Bc7 36. Kb2 g6 37. hxg6 fxg6 38. Kc2 h5 39. gxh5 gxh5 40. Kd2 Kf7 41.
Ke2 Kf6 42. Ne3 h4 43. Nf5 Kg5 44. Kf2 Bb6+ 45. Kg2 Bc5 46. Kh3 Kf4 47. Nxh4 Ke3
48. Kg4 Kd3 49. f4 exf4 50. Kxf4 Kc3 51. Nf5 Kxb3 52. e5 dxe5+ 53. Kxe5 Kxa4 54.
d6 b3 55. d7 Bb6 56. Ne3 Bc7+ 57. Kd4 b2 58. Nd1 Kb3 59. Nc3 Kc2 60. Kc4 b1=Q
61. Nxb1 Kxb1 62. Kb3 Kc1 63. Kc3 Kd1 64. Kd3 Ke1 65. Kc2 Ke2 66. Kc3 Ke3 67.
Kc4 Ke4 68. Kc5 Kd3 69. Kc6 Bd8 70. Kb5 Kc3 71. Ka4 Kb2 0-1

[Event "POLFINALY MISTRZOSTW POLSKI JUNIOROW 2021 C-13"]
[Site "Jatrzebia Gora"]
[Date "1899-12-30"]
[Round "4.9"]
[White "Osinski, Maksymilian"]
[Black "Uhryn, Mateusz"]
[Result "0-1"]
[WhiteTitle "II"]
[BlackTitle "I"]
[WhiteElo "1238"]
[BlackElo "1393"]

1. e4 c5 2. Nf3 Nc6 3. d4 cxd4 4. Nxd4 Nf6 5. Nc3 d6 6. f3 e5 7. Ndb5 a6 8. Na3
b5 9. Nd5 Nxd5 10. Qxd5 Qc7 11. c3 Be6 12. Qd1 Be7 13. Be3 O-O 14. Be2 Bh4+ 15.
g3 Be7 16. Qd2 Rfd8 17. Nc2 d5 18. Bd3 dxe4 19. fxe4 Bc4 20. Bxc4 Rxd2 21. Bxf7+
Kxf7 22. O-O Kg8 23. Bxd2 Rf8 24. Ne3 Bc5 25. Rxf8+ Kxf8 26. Rf1+ Kg8 27. Kg2
Bxe3 28. Bxe3 Nd8 29. a3 Qc4 30. Bg5 Qxe4+ 31. Kh3 0-1

[Event "POLFINALY MISTRZOSTW POLSKI JUNIOROW 2021 C-13"]
[Site "Jatrzebia Gora"]
[Date "1899-12-30"]
[Round "4.10"]
[White "Leszczewicz, Karol"]
[Black "Trusewicz, Jakub"]
[Result "1-0"]
[WhiteTitle "II+"]
[BlackTitle "II"]
[WhiteElo "1393"]
[BlackElo "1222"]

1. c4 e5 2. Nc3 Nc6 3. Nf3 Nf6 4. e3 d5 5. d4 exd4 6. exd4 Bb4 7. Bg5 dxc4 8. Bxc4
O-O 9. O-O h6 10. Bh4 Be7 11. Re1 Bg4 12. d5 Nxd5 13. Bxd5 Bxh4 14. Qa4 Bxf3 15.
Bxf3 Rb8 16. Rad1 Qf6 17. Nd5 Bxf2+ 18. Kxf2 Qg5 19. Qg4 Qxg4 20. Bxg4 f5 21.
Bf3 Rf7 22. Bh5 Rff8 23. Ne7+ Nxe7 24. Rxe7 Rbd8 25. Rdd7 1-0

[Event "POLFINALY MISTRZOSTW POLSKI JUNIOROW 2021 C-13"]
[Site "Jatrzebia Gora"]
[Date "1899-12-30"]
[Round "4.11"]
[White "Wilgosz, Szczepan"]
[Black "Maciaga, Jan"]
[Result "1-0"]
[WhiteTitle "II"]
[BlackTitle "II"]
[WhiteElo "1297"]
[BlackElo "1375"]

1. e4 c5 2. Nf3 e6 3. d4 cxd4 4. Nxd4 a6 5. Nc3 Qc7 6. Be3 Nf6 7. Qd2 Bb4 8. f3
d5 9. exd5 Nxd5 10. Nde2 Nxe3 11. Qxe3 Bc5 12. Qg5 O-O 13. O-O-O b5 14. Ng3 Be7
15. Qe3 Nd7 16. Bd3 Bb7 17. Bxh7+ Kxh7 18. Qd3+ g6 19. Qxd7 Bg5+ 20. Kb1 Rac8
21. Rhe1 Qb6 22. Nge4 Bh6 23. Qd6 Rc6 24. Nf6+ Kh8 25. Qg3 Qa5 26. Qh4 Kg7 27.
Ng4 Rh8 28. Qf6+ Kh7 29. Qxf7+ Bg7 30. Rd7 Rg8 31. Nf6+ Kh6 32. Nxg8+ Kh5 33.
Qxg7 b4 34. Qh6# 1-0

[Event "POLFINALY MISTRZOSTW POLSKI JUNIOROW 2021 C-13"]
[Site "Jatrzebia Gora"]
[Date "1899-12-30"]
[Round "4.12"]
[White "Wandor, Adam"]
[Black "Wasiluk, Mateusz"]
[Result "1/2-1/2"]
[WhiteTitle "II"]
[BlackTitle "II"]
[WhiteElo "1373"]
[BlackElo "1263"]

1. e4 c5 2. Nf3 e6 3. b3 Nc6 4. Bb2 Nf6 5. Nc3 d5 6. exd5 exd5 7. Bb5 d4 8. Qe2+
Be7 9. Bxc6+ bxc6 10. Ne4 O-O 11. O-O Bf5 12. d3 Re8 13. Nfd2 Nd5 14. Qf3 Bg6
15. Ba3 Nb4 16. Bxb4 cxb4 17. Nc4 c5 18. a4 Bxe4 19. Qxe4 Bf6 20. Qf3 Qe7 21.
Qd1 Be5 22. Re1 Qf6 23. Nxe5 Rxe5 24. Rxe5 Qxe5 25. Qe1 Re8 26. Qxe5 Rxe5 27.
Kf1 f6 28. g4 Kf7 29. Re1 Ke6 30. f4 Rxe1+ 31. Kxe1 h5 32. h3 h4 33. Ke2 g5 34.
fxg5 fxg5 35. Kf3 Ke5 36. a5 a6 37. Ke2 Kf4 38. Kf2 1/2-1/2

[Event "POLFINALY MISTRZOSTW POLSKI JUNIOROW 2021 C-13"]
[Site "Jatrzebia Gora"]
[Date "1899-12-30"]
[Round "4.13"]
[White "Krzastek, Adrian"]
[Black "Nowakowski, Maksymilian"]
[Result "1/2-1/2"]
[WhiteTitle "II"]
[BlackTitle "II"]
[WhiteElo "1220"]
[BlackElo "1368"]

1. e4 e6 2. d4 d5 3. Nc3 Bb4 4. e5 c5 5. a3 Bxc3+ 6. bxc3 Nc6 7. Qg4 Nge7 8. Nf3
O-O 9. Be2 Nf5 10. O-O f6 11. exf6 Qxf6 12. Bg5 Qg6 13. Ne5 Nxe5 14. dxe5 h6 15.
Bd2 Qxg4 16. Bxg4 Bd7 17. Rab1 b6 18. f4 Ne7 19. g3 Kh7 20. Rf2 Rae8 21. Be2 Rf7
22. c4 Ref8 23. Bd3+ g6 24. cxd5 exd5 25. Re1 Be6 26. c3 Bf5 27. Bxf5 gxf5 28.
h3 h5 29. Rg2 Rg7 30. Kf2 Nc6 31. Reg1 a6 32. a4 b5 33. axb5 axb5 34. Rb1 Rb7
35. Be3 d4 36. cxd4 cxd4 37. Bd2 b4 38. g4 fxg4 39. hxg4 Nxe5 40. gxh5 b3 41.
Ke2 Nc4 42. Kd3 Na3 43. Rb2 Nc2 44. Rg1 Rb6 45. Rgb1 Rfb8 46. Rxc2 bxc2 47. Rxb6
Rxb6 48. Kxc2 Rd6 49. Kd3 Kh6 50. Bc1 Kxh5 51. Bb2 Kg4 52. Bxd4 Kxf4 53. Kc3 Ke4
1/2-1/2

[Event "POLFINALY MISTRZOSTW POLSKI JUNIOROW 2021 C-13"]
[Site "Jatrzebia Gora"]
[Date "1899-12-30"]
[Round "4.14"]
[White "Owczarz, Michal"]
[Black "Pachura, Mateusz"]
[Result "1/2-1/2"]
[WhiteTitle "II"]
[BlackTitle "III"]
[WhiteElo "1180"]
[BlackElo "1107"]

1. e4 c5 2. Nf3 e6 3. d4 cxd4 4. Nxd4 a6 5. Nc3 Qc7 6. a3 Nf6 7. Bd3 b6 8. Be3
d6 9. O-O Bb7 10. Nb3 Nbd7 11. Qd2 Ng4 12. Bf4 h5 13. f3 Nge5 14. Rad1 Ng6 15.
Be3 Rd8 16. Qe2 Ra8 17. Kh1 Nc5 18. Nxc5 dxc5 19. Bc4 Bd6 20. g3 h4 21. g4 Nf4
22. Qf2 g5 23. Rd2 Nh3 24. Qg2 Bf4 25. Bxf4 Qxf4 26. Rfd1 f5 27. Qxh3 fxe4 28.
fxe4 b5 29. Bf1 Rf8 30. Bg2 b4 31. Ne2 Qf6 32. Qd3 Bc6 33. Qd6 Rc8 34. axb4 h3
35. Bxh3 Bxe4+ 36. Bg2 Bxg2+ 37. Kxg2 Qf3+ 38. Kg1 Qf2+ 1/2-1/2

[Event "POLFINALY MISTRZOSTW POLSKI JUNIOROW 2021 C-13"]
[Site "Jatrzebia Gora"]
[Date "1899-12-30"]
[Round "4.15"]
[White "Sambor, Piotr"]
[Black "Spionkowski, Fabian"]
[Result "0-1"]
[WhiteTitle "II"]
[BlackTitle "I+"]
[WhiteElo "1107"]
[BlackElo "1687"]

1. e4 c5 2. Nf3 Nc6 3. c3 g6 4. d4 cxd4 5. cxd4 Bg7 6. Nc3 d6 7. Bc4 Nf6 8. d5
Ne5 9. Nxe5 dxe5 10. Qe2 O-O 11. O-O a6 12. a4 Bd7 13. h3 Qc7 14. Be3 Nh5 15.
Bd3 Nf4 16. Qd2 Nxd3 17. Qxd3 f5 18. Bg5 Rf7 19. Bxe7 fxe4 20. Nxe4 Bf5 21. d6
Qc6 22. Rfe1 Bf8 23. b3 Bxe7 24. dxe7 Rxe7 25. Rac1 Qb6 26. Qe3 Qxe3 27. Rxe3
Rd8 28. g4 Bxe4 29. Rxe4 Rd3 30. Re3 Rxe3 31. fxe3 Kf7 32. Kf2 Kf6 33. e4 Rd7
34. Ke3 Kg5 35. Rc3 Kh4 36. Ke2 Rd4 37. Re3 a5 38. Ke1 Kg5 39. Ke2 Kf4 40. Rf3+
Kxe4 41. Re3+ Kf4 42. Rf3+ Kg5 43. Rf7 Rb4 44. Rxh7 Rxb3 45. Kf2 b6 46. Kg2 Rb4
47. Rb7 Rxa4 48. Rxb6 Rb4 49. Rc6 a4 50. Ra6 e4 51. Ra5+ Kf4 52. Ra8 Ke3 53. h4
Kd3 54. h5 gxh5 55. gxh5 Rb5 56. h6 Rg5+ 57. Kf2 e3+ 58. Kf3 Rf5+ 59. Kg4 Rf7
60. Rd8+ Ke2 61. Kg3 Rh7 62. Rd6 Ke1 63. Kf3 e2 64. Kg2 Rh8 65. Rg6 a3 66. Ra6
Rg8+ 67. Kf3 Kf1 68. h7 Rh8 69. Rh6 Rf8+ 70. Kg4 e1=Q 71. h8=Q Rxh8 72. Rxh8 Qe4+
0-1